00642nam a2200181 a 450000100100000000500170001000800410002704000250006808200260009310000330011924500470015225000110019926000520021030000270026250001090028965000300039865000320042800000979620200929161716.0091001s1983 pr a 000 p spa d aDO-SdBNPbspacBNPHU aPR861.44bB957p, 19821 aBurgos, Julia de,d1914-195310aPoema en veinte surcos /cJulia de Burgos. a2a ed. aRío Piedras, Puerto Rico :bHuracán,c1983. a71 p. :bil. ;c20 cm. aEdición especial con grabados del portafolio Río Grande de Loíza de José R. Alicea.-- En portada 4aPoesía puertorriqueña 4aLiteratura puertorriqueña